Antonomases #2 - Statistiques

Statistiques générales
  • Ce quiz a été pris 150 fois
  • Le résultat moyen est 12 sur 20
Statistiques - réponses
Hint Réponse % Correct
Escalier mécanique Escalator
94%
Boîte alimentaire en plastique Tupperware
88%
Avertisseur sonore de véhicule Klaxon
80%
Scooter italien Vespa
80%
Cabine photographique Photomaton
75%
Moto aquatique Jet Ski
73%
Vélocipède nautique à pédales Pédalo
72%
Pistolet à impulsions électriques Taser
70%
Pommade pour le soin des lèvres sous forme de bâton Labello
67%
Correcteur liquide d'écriture Tipp-Ex
65%
Petite feuille autoadhésive amovible Post-it
63%
Bouteille isotherme Thermos
63%
Étendoir à linge pliant Tancarville
62%
Pommade grasse lubrifiante Vaseline
58%
Baladeur (musique) Walkman
54%
Appareil photo à développement instantané Polaroïd
53%
Revêtement antiadhésif de poêles Téflon
49%
Fermeture autoagrippante (à crochets et boucles) Velcro
33%
Aire de trafic/stationnement d'aéroport Tarmac
27%
Stabilisateur de prise de vues Steadicam
3%
Aucun quiz correspondant
Distribution des résultats
% des personnes avec chaque résultat
Percentile par nombre de réponses
Votre historique - résultats
Vous n’avez pas pris ce quiz